000
00254nam a2200097Ia 4500
008
240331s9999 xx 000 0 und d
082
_b
POO
100
_a
Poonacha,V
245
0
_a
From the land of thousand hills :
_b
portraits of three kodagu women
942
_c
L
999
_c
1689
_d
1689